000 00324nam a22001337a 4500
008 230623b xxu||||| |||| 00| 0 eng d
020 _a9966900683
082 _a330
_bMAG 1998
245 _aFemale Labour in Sudan
260 _bAfrican Economic Research Consortium
_c1998
300 _a25p
440 _n30
942 _2ddc
_cBK
999 _c2422
_d2422